Estatísticas para Os 15 principais países com mortes por Covid19 - 18 de agosto 2021

Clique aqui para jogar o quiz

Estatísticas Gerais

  • Esse quiz foi jogado 10 vezes
  • A pontuação média é 15 de 25

Estatísticas das Respostas

país% Correto
Brasil
100%
Espanha
100%
Estados Unidos
100%
França
100%
Índia
100%
Alemanha
90%
Itália
90%
Rússia
90%
Argentina
80%
México
80%
Peru
80%
Reino Unido
80%
Colômbia
70%
Indonésia
60%
Irão
50%
Eslováquia
40%
Eslovénia
40%
Hungria
40%
Bélgica
30%
Chéquia
20%
Croácia
20%
Bulgária
10%
Macedónia do Norte
10%
Paraguai
10%
Bósnia e Herzegovina
0%

Distribuição das Pontuações

Percentil de Números Respondidos

Porcentagem de Pessoas com Cada Pontuação

Sua Pontuação Histórica

Você não jogou esse quiz